000
00222 a2200097 4500
001
46239
100
_a
Fadiman, C
245
_a
The lifetime reading plan
260
_a
London
_b
English University
_c
090
_c
29353
_d
29353
942
_a
NUST-CAE
_c
M
_c
21506
999
_c
281312
_d
281312